=LDR 00000nam 2200000 4500 =001 INLIS000000000005207 =005 20130612093448 =008 ***********************************Ind** =035 ##$$0010-061300000005207 =041 ##$$a Ind =082 ##$$a 633.8 =090 ##$$a 633.8, Ruk k =100 ##$$a RUKMANA, Rahmat =245 ##$$a Kumis Kucing, Rahmat Rukmana =260 ##$$a 1995 $b Yogyakarta =300 ##$$a 35 hlm, ilus, 19 cm =650 ##$$a Kumis Kucing =850 ##$$a NBPNMAT